000
00306nam a2200133Ia 4500
008
240703s9999 xx 000 0 und d
041
_a
eng
100
_a
Blanchard
245
_a
Customer Mania
260
_b
Harper Collins
_c
2013
365
_c
RS.
_b
250.00
906
_b
27.5
999
_c
40938
_d
40938